[Event "Niemann - Dubov (Blitz)"]
[Site "Moscow RUS"]
[Date "2025.05.27"]
[Round "4"]
[White "Hans Moke Niemann"]
[Black "Daniil Dubov"]
[Result "1-0"]
[EventDate "2025.05.27"]
[WhiteElo "2736"]
[BlackElo "2693"]
[PlyCount "104"]

1. e4 e5 2. Nf3 Nc6 3. Bc4 Nf6 4. d3 Be7 5. Nc3 d6 6. a3 O-O 7. Be3 Re8 8. h3 Be6 9. Nd5 Bxd5 10. exd5 Nb8 11. d4 e4 12. Nd2 c6 13. dxc6 bxc6 14. Bb3 d5 15. c4 Nbd7 16. c5 a5 17. O-O Nf8 18. f3 exf3 19. Qxf3 Ne6 20. Ba4 Qc7 21. Rf2 Rab8 22. b3 Rbc8 23. Raf1 Qd7 24. b4 axb4 25. axb4 Ra8 26. Bc2 Ra3 27. Nb3 Bf8 28. Qd1 Be7 29. Qd3 Nf8 30. Bc1 Raa8 31. Qg3 Ng6 32. Na5 Ne4 33. Bxe4 dxe4 34. Rxf7 Qxd4+ 35. Be3 Qd5 36. R7f5 Qe6 37. Bd4 Rad8 38. Qc3 Bf8 39. Nc4 Ne7 40. Re5 Qg6 41. Nd6 Nd5 42. Rxd5 cxd5 43. Nxe8 Qxe8 44. c6 e3 45. b5 e2 46. Re1 Qe4 47. c7 Re8 48. b6 Bd6 49. c8=Q Rxc8 50. Qxc8+ Kf7 51. Qc3 Qf4 52. Qf3 1-0

[Event "Niemann - Dubov (Blitz)"]
[Site "Moscow RUS"]
[Date "2025.05.27"]
[Round "5"]
[White "Daniil Dubov"]
[Black "Hans Moke Niemann"]
[Result "0-1"]
[EventDate "2025.05.27"]
[WhiteElo "2693"]
[BlackElo "2736"]
[PlyCount "112"]

1. d4 Nf6 2. c4 e6 3. Nf3 d5 4. g3 Bb4+ 5. Nbd2 O-O 6. Bg2 b6 7. O-O Bb7 8. Ne5 Qc8 9. Ndf3 Nbd7 10. Bf4 Bd6 11. Rc1 dxc4 12. Rxc4 Bd5 13. Rc1 Qb7 14. Qa4 b5 15. Qc2 h6 16. Rfe1 Be4 17. Qd2 Nb6 18. Bxh6 gxh6 19. Qxh6 Nbd5 20. Qg5+ Kh7 21. Qh4+ Kg7 22. Ng4 Nxg4 23. Qxg4+ Bg6 24. Nh4 Qb6 25. Nxg6 fxg6 26. Qxe6 Bxg3 27. Qd7+ Rf7 28. Qxf7+ Kxf7 29. Bxd5+ Kg7 30. hxg3 Rd8 31. Rc6 Qa5 32. b4 Qxb4 33. Rxc7+ Kh6 34. Rec1 Rxd5 35. Kg2 Qxd4 36. f3 Qe3 37. g4 Kg5 38. Kg3 Qe5+ 39. Kf2 Qh2+ 40. Kf1 Re5 41. R1c2 Kf6 42. R2c6+ Re6 43. Rxe6+ Kxe6 44. Rxa7 Ke5 45. Rb7 Kf4 46. Rxb5 Kg3 47. Ke1 Qg1+ 48. Kd2 Qd4+ 49. Ke1 Qc3+ 50. Kd1 Kf2 51. Rb3 Qa1+ 52. Kc2 Qxa2+ 53. Rb2 Qc4+ 54. Kd2 Qxe2+ 55. Kc3 Qxb2+ 56. Kxb2 Kxf3 0-1

[Event "Niemann - Dubov (Blitz)"]
[Site "Moscow RUS"]
[Date "2025.05.27"]
[Round "6"]
[White "Hans Moke Niemann"]
[Black "Daniil Dubov"]
[Result "1-0"]
[EventDate "2025.05.27"]
[WhiteElo "2736"]
[BlackElo "2693"]
[PlyCount "104"]

1. e4 c5 2. Nf3 d6 3. d4 cxd4 4. Nxd4 Nf6 5. Nc3 g6 6. Be3 Nc6 7. f3 Bg7 8. Qd2 O-O 9. O-O-O d5 10. exd5 Nxd5 11. Nxc6 bxc6 12. Bd4 Bxd4 13. Qxd4 Qa5 14. Nxd5 cxd5 15. Qxd5 Qc7 16. Qc4 Qa5 17. Qd5 Qc7 18. Qxa8 Bf5 19. Qxf8+ Kxf8 20. Bd3 Qf4+ 21. Kb1 Be6 22. h3 Qg5 23. Rhg1 h5 24. c4 h4 25. Rc1 a5 26. Ka1 a4 27. a3 Qc5 28. Rgd1 Kg7 29. Be4 Kf6 30. Rc3 g5 31. Rd2 Ke5 32. Bd5 Bf5 33. Be4 Be6 34. Kb1 Kf4 35. Bc2 Qg1+ 36. Ka2 Qa7 37. Kb1 Qg1+ 38. Ka2 Qa7 39. Bd1 Kg3 40. Kb1 Bf5+ 41. Kc1 Bd7 42. f4+ Kxf4 43. Rd5 g4 44. c5 e5 45. c6 Be6 46. c7 gxh3 47. gxh3 Qb7 48. Rd8 e4 49. Bg4 f5 50. Rf8 Kg5 51. Bxf5 Bxf5 52. Rxf5+ 1-0

[Event "Niemann - Dubov (Blitz)"]
[Site "Moscow RUS"]
[Date "2025.05.27"]
[Round "7"]
[White "Daniil Dubov"]
[Black "Hans Moke Niemann"]
[Result "1-0"]
[EventDate "2025.05.27"]
[WhiteElo "2693"]
[BlackElo "2736"]
[PlyCount "106"]

1. d4 Nf6 2. c4 e6 3. Nf3 d5 4. g3 Bb4+ 5. Nbd2 O-O 6. Bg2 b6 7. O-O Bb7 8. Ne5 a5 9. Qc2 Re8 10. Ndf3 dxc4 11. Nxf7 Qe7 12. a3 Bd6 13. Nxd6 cxd6 14. Qxc4 Nbd7 15. Bg5 Rec8 16. Qd3 h6 17. Bxf6 Nxf6 18. Rfc1 Be4 19. Qe3 Qb7 20. Bh3 Kf7 21. Nd2 Bd5 22. Qf4 Rxc1+ 23. Rxc1 Rc8 24. Re1 g5 25. Qxd6 g4 26. Bf1 Rc2 27. Qf4 Qc7 28. Qxh6 Rc1 29. Rxc1 Qxc1 30. Qf4 Ke7 31. e4 Bxe4 32. Qg5 Bd5 33. Ne4 Qxg5 34. Nxg5 Ne8 35. Be2 Kf6 36. h4 gxh3 37. Nxh3 Nd6 38. Nf4 Nf5 39. Nxd5+ exd5 40. Bd3 Nxd4 41. f4 b5 42. Kf2 b4 43. axb4 axb4 44. g4 Ne6 45. g5+ Ke7 46. Ke3 Kd6 47. Bf1 Nc5 48. g6 Ke7 49. f5 Kf6 50. Kd4 Na4 51. b3 Nc3 52. Bd3 Kg7 53. Ke5 1-0

[Event "Niemann - Dubov (Blitz)"]
[Site "Moscow RUS"]
[Date "2025.05.27"]
[Round "8"]
[White "Hans Moke Niemann"]
[Black "Daniil Dubov"]
[Result "0-1"]
[EventDate "2025.05.27"]
[WhiteElo "2736"]
[BlackElo "2693"]
[PlyCount "60"]

1. e4 e5 2. Nf3 Nc6 3. Bc4 Nf6 4. d3 Be7 5. Nc3 d6 6. a3 O-O 7. Be3 Re8 8. Ng5 Rf8 9. h3 Nd4 10. Nf3 c5 11. g4 Be6 12. g5 Nxe4 13. Nxe4 d5 14. Nxe5 dxc4 15. Nxc4 Qd5 16. Bxd4 cxd4 17. Rg1 Kh8 18. h4 Rac8 19. h5 Rxc4 20. dxc4 Qxe4+ 21. Qe2 Qf4 22. Qd2 Qc7 23. O-O-O Rd8 24. g6 Qxc4 25. Rde1 Bf6 26. Rg3 Rc8 27. gxf7 Bxf7 28. h6 Bg6 29. hxg7+ Kg8 30. Re2 d3 0-1

[Event "Niemann - Dubov (Blitz)"]
[Site "Moscow RUS"]
[Date "2025.05.27"]
[Round "9"]
[White "Daniil Dubov"]
[Black "Hans Moke Niemann"]
[Result "1-0"]
[EventDate "2025.05.27"]
[WhiteElo "2693"]
[BlackElo "2736"]
[PlyCount "100"]

1. d4 Nf6 2. c4 e6 3. Nf3 d5 4. g3 Bb4+ 5. Nbd2 dxc4 6. Bg2 b5 7. Ne5 Nd5 8. O-O O-O 9. Qc2 f6 10. Nef3 Bb7 11. a3 Be7 12. b3 c3 13. Nb1 b4 14. e4 Nb6 15. axb4 Nc6 16. Nxc3 Nxb4 17. Qb1 c5 18. Rd1 Qc8 19. Ne2 f5 20. Ne5 Bf6 21. Be3 Rd8 22. Ra5 cxd4 23. Nxd4 Rd6 24. exf5 Bxg2 25. Kxg2 Qb7+ 26. Ndf3 Rd5 27. Bxb6 axb6 28. Raxd5 exd5 29. Ng4 Rf8 30. Nxf6+ Rxf6 31. Nd4 Nc6 32. g4 Qe7 33. Nxc6 Rxc6 34. Qd3 Rd6 35. Qd4 h6 36. h3 Kh7 37. Rd3 Kg8 38. Re3 Qd8 39. Re5 Kh7 40. h4 Qxh4 41. Re6 Qd8 42. Qe5 Rd7 43. f6 gxf6 44. Rxf6 Qe7 45. Qf5+ Kg8 46. Rg6+ Kh8 47. Rxh6+ Kg8 48. Rg6+ Kh8 49. Qh5+ Qh7 50. Rh6 1-0

[Event "Niemann - Dubov m (Blitz)"]
[Site "Moscow RUS"]
[Date "2025.03.08"]
[Round "10.1"]
[White "Daniil Dubov"]
[Black "Hans Moke Niemann"]
[Result "1/2-1/2"]
[EventDate "2025.03.07"]
[WhiteElo "2701"]
[BlackElo "2734"]
[PlyCount "84"]

1. d4 Nf6 2. Nf3 d5 3. c4 e6 4. Bg5 Be7 5. e3 Nbd7 6. cxd5 exd5 7. Nc3 O-O 8. Bd3 c6 9. Qc2 h6 10. Bf4 Nh5 11. Be5 Nhf6 12. Bf4 Nh5 13. Be5 Nhf6 14. O-O Re8 15. h3 Nxe5 16. Nxe5 c5 17. Bb5 Rf8 18. dxc5 Bxc5 19. Rfd1 Bd6 20. Nf3 Be6 21. Nd4 Rc8 22. Qe2 Bb8 23. Ba4 a6 24. Bb3 Re8 25. Nxe6 fxe6 26. e4 Qd6 27. g3 d4 28. Nb1 Nd7 29. Nd2 d3 30. Qh5 Nc5 31. Nf3 Ba7 32. Kg2 Rf8 33. Rac1 b5 34. Qg4 Rc7 35. Rxc5 Qxc5 36. Rd2 Qc1 37. Bxe6+ Kh8 38. Bf5 Rc2 39. Qg6 Rxf5 40. exf5 Rxd2 41. Qe8+ Kh7 42. Ng5+ hxg5 1/2-1/2

[Event "Niemann - Dubov m (Blitz)"]
[Site "Moscow RUS"]
[Date "2025.03.08"]
[Round "11.1"]
[White "Hans Moke Niemann"]
[Black "Daniil Dubov"]
[Result "0-1"]
[EventDate "2025.03.07"]
[WhiteElo "2734"]
[BlackElo "2701"]
[PlyCount "124"]

1. e4 e5 2. Nf3 Nc6 3. Bc4 Nf6 4. d3 Be7 5. O-O O-O 6. Re1 d6 7. a4 Be6 8. Nbd2 Bxc4 9. Nxc4 h6 10. Bd2 Re8 11. b4 Bf8 12. Ne3 d5 13. b5 Nd4 14. exd5 Nxf3+ 15. Qxf3 e4 16. dxe4 Nxe4 17. Red1 Bc5 18. Be1 Qg5 19. Nc4 Rad8 20. Rd3 Rxd5 21. h4 Qf5 22. Rad1 Qxf3 23. gxf3 Rxd3 24. Rxd3 Nd6 25. Ne3 f5 26. Ba5 f4 27. Ng4 h5 28. Bxc7 hxg4 29. Bxd6 Bxd6 30. Rxd6 gxf3 31. Rd3 Re4 32. Ra3 Rc4 33. Rxf3 Rxa4 34. Rc3 Rb4 35. Rc8+ Kh7 36. Rc5 a5 37. bxa6 bxa6 38. Kg2 Rb2 39. Kf3 a5 40. Ke2 a4 41. Kd3 a3 42. Ra5 Ra2 43. f3 Kg6 44. Kc3 Ra1 45. Kd2 Kf6 46. h5 Ke6 47. Kd3 a2 48. Kc4 Rf1 49. Rxa2 Rxf3 50. Kd4 Kf5 51. c4 Rf1 52. c5 Rd1+ 53. Kc3 Ke5 54. Re2+ Kd5 55. Rg2 f3 56. Rxg7 Rc1+ 57. Kd2 f2 58. Kxc1 f1=Q+ 59. Kd2 Qf2+ 60. Kc1 Qe3+ 61. Kc2 Qe4+ 62. Kc1 Qc4+ 0-1

[Event "Niemann - Dubov m (Blitz)"]
[Site "Moscow RUS"]
[Date "2025.03.08"]
[Round "12.1"]
[White "Daniil Dubov"]
[Black "Hans Moke Niemann"]
[Result "1/2-1/2"]
[EventDate "2025.03.07"]
[WhiteElo "2701"]
[BlackElo "2734"]
[PlyCount "174"]

1. d4 Nf6 2. Nf3 d5 3. c4 e6 4. Bg5 Be7 5. e3 O-O 6. Nc3 b6 7. Rc1 Bb7 8. Bxf6 Bxf6 9. cxd5 exd5 10. Be2 Nd7 11. O-O c6 12. e4 dxe4 13. Nxe4 c5 14. Nxf6+ Qxf6 15. dxc5 Nxc5 16. Qd4 Qg6 17. Nh4 Qg5 18. Nf3 Bxf3 19. Bxf3 Rad8 20. Qg4 Qxg4 21. Bxg4 Rd2 22. b4 Nd3 23. Rfd1 Rxd1+ 24. Rxd1 Nxb4 25. Rd7 Nxa2 26. Rxa7 Nc3 27. Rc7 Na4 28. Rb7 Rd8 29. g3 g6 30. Be2 Rd4 31. Kg2 Kf8 32. h4 h5 33. Rb8+ Kg7 34. Rb7 Nc3 35. Bf1 Rb4 36. Rc7 Nd5 37. Rd7 Nf6 38. Rc7 Nd5 39. Rd7 Nf6 40. Rc7 Ng4 41. Be2 Ne5 42. Rb7 Rb2 43. Kf1 Kf6 44. Ke1 Rb4 45. Kd2 Rb2+ 46. Ke3 Rb4 47. Kd2 Rd4+ 48. Ke3 Rd6 49. Rb8 Re6 50. Kd2 Ng4 51. Bc4 Rc6 52. Bb5 Rd6+ 53. Ke2 Re6+ 54. Kf1 Ne5 55. Rb7 Rd6 56. Ke2 Re6 57. Kf1 Nf3 58. Kg2 Nd2 59. Rd7 Ne4 60. Rb7 Nc5 61. Rc7 Rd6 62. Bc4 Ne6 63. Rb7 Nd8 64. Ra7 Rd4 65. Bb3 b5 66. Ra6+ Ne6 67. Rb6 b4 68. Bxe6 fxe6 69. Rb5 e5 70. Kf3 Ke6 71. Ke3 Rc4 72. Kd3 Rd4+ 73. Ke3 Rg4 74. f3 Rc4 75. Kd3 Rd4+ 76. Ke3 Kf6 77. f4 Rc4 78. Rxe5 Rc3+ 79. Ke4 Rxg3 80. Rb5 b3 81. Rb6+ Ke7 82. f5 Rg4+ 83. Ke5 gxf5 84. Rb7+ Ke8 85. Rxb3 Rxh4 86. Kxf5 Ra4 87. Rh3 1/2-1/2

[Event "Niemann - Dubov m (Blitz)"]
[Site "Moscow RUS"]
[Date "2025.03.08"]
[Round "13.1"]
[White "Hans Moke Niemann"]
[Black "Daniil Dubov"]
[Result "1-0"]
[EventDate "2025.03.07"]
[WhiteElo "2734"]
[BlackElo "2701"]
[PlyCount "108"]

1. e4 e5 2. Nf3 Nc6 3. Bc4 Nf6 4. d3 Be7 5. O-O O-O 6. Re1 d6 7. a4 Be6 8. Nbd2 Bxc4 9. Nxc4 h6 10. Bd2 Re8 11. b4 Bf8 12. Ne3 d5 13. b5 Nd4 14. exd5 Nxf3+ 15. Qxf3 e4 16. Qe2 Bc5 17. Rad1 Bxe3 18. fxe3 exd3 19. cxd3 Nxd5 20. e4 Ne7 21. Bc3 Ng6 22. Rf1 Qd7 23. Rf3 Kh7 24. e5 Qd5 25. d4 f6 26. Qc2 fxe5 27. dxe5 Qe6 28. Qe4 Rad8 29. Rdf1 Kh8 30. h3 Nf8 31. a5 Nh7 32. Qxb7 Qd5 33. Qxa7 Ng5 34. Re3 Ne6 35. Ref3 Qxb5 36. Qf2 Qc4 37. Qg3 Qe4 38. Re3 Qc4 39. Qg6 Qc5 40. Re1 Nf4 41. Qe4 Nd3 42. Rd1 Nf2 43. Kxf2 Rxd1 44. e6 Qg5 45. e7 Rd7 46. h4 Qxe7 47. Bxg7+ Kg8 48. Be5 Qf7+ 49. Kg1 Rd1+ 50. Kh2 Rd6 51. Rg3+ Kf8 52. Bxd6+ cxd6 53. Qd4 Ke7 54. Rg7 1-0

[Event "Niemann - Dubov m (Blitz)"]
[Site "Moscow RUS"]
[Date "2025.03.08"]
[Round "14.1"]
[White "Daniil Dubov"]
[Black "Hans Moke Niemann"]
[Result "0-1"]
[EventDate "2025.03.07"]
[WhiteElo "2701"]
[BlackElo "2734"]
[PlyCount "120"]

1. d4 Nf6 2. Nf3 d5 3. c4 e6 4. Bg5 Be7 5. e3 O-O 6. Nc3 b6 7. Rc1 Bb7 8. Bxf6 Bxf6 9. cxd5 exd5 10. Be2 Nd7 11. O-O c6 12. b4 Re8 13. a4 a5 14. b5 c5 15. dxc5 Nxc5 16. Nd4 Qd6 17. Bf3 Rad8 18. Rc2 g6 19. Rd2 Ne4 20. Nxe4 dxe4 21. Be2 Qb4 22. Qc2 Bxd4 23. exd4 Rc8 24. Qa2 Bd5 25. Qb2 Qxa4 26. h4 Qb3 27. Qxb3 Bxb3 28. d5 Rc5 29. d6 Be6 30. Rd4 Rd8 31. Rfd1 a4 32. Ra1 Bb3 33. d7 Kf8 34. Rd6 Ke7 35. Rxb6 Rxd7 36. Rb8 Rcc7 37. Bf1 Rb7 38. Ra8 Rd8 39. Ra6 f5 40. h5 Kf7 41. Rc6 Kg7 42. hxg6 hxg6 43. Bc4 Kh6 44. Rb1 Rd4 45. Bxb3 Rxb5 46. Rxg6+ Kxg6 47. Bf7+ Kxf7 48. Rxb5 Ke6 49. g3 a3 50. Ra5 Rd3 51. Kg2 Rf3 52. Kf1 e3 53. Ra6+ Kd5 54. Ra5+ Kc6 55. Ke1 exf2+ 56. Kf1 Kb6 57. Ra8 Kb5 58. Ra7 Kb4 59. Ra8 Kb3 60. Rb8+ Kc2 0-1

[Event "Niemann - Dubov m (Blitz)"]
[Site "Moscow RUS"]
[Date "2025.03.08"]
[Round "15.1"]
[White "Hans Moke Niemann"]
[Black "Daniil Dubov"]
[Result "1-0"]
[EventDate "2025.03.07"]
[WhiteElo "2734"]
[BlackElo "2701"]
[PlyCount "120"]

1. e4 e5 2. Nf3 Nc6 3. Bc4 Nf6 4. d3 Be7 5. O-O O-O 6. Re1 d6 7. a4 Be6 8. Nbd2 h6 9. b3 Nh7 10. Nf1 Ng5 11. Bxg5 Bxg5 12. g3 h5 13. Nxg5 Qxg5 14. h4 Qh6 15. Ne3 g6 16. c3 Qg7 17. a5 a6 18. b4 Ne7 19. d4 exd4 20. cxd4 Bxc4 21. Nxc4 d5 22. Ne5 Rad8 23. Qc2 dxe4 24. Qxc7 f6 25. Nd3 Nc6 26. Qxg7+ Kxg7 27. Rxe4 Rxd4 28. Rxd4 Nxd4 29. Nc5 Rf7 30. Kg2 Re7 31. Rc1 Kf7 32. Rc4 Ne6 33. Na4 Rd7 34. Kf3 f5 35. Ke3 Kf6 36. Rc8 Rd1 37. Rb8 Ra1 38. Nc3 f4+ 39. gxf4 Ra3 40. Kd2 Nxf4 41. Rxb7 g5 42. Ne4+ Kf5 43. Nxg5 Ra2+ 44. Kc3 Rxf2 45. b5 axb5 46. a6 Ra2 47. a7 Kg4 48. Kb3 Ra1 49. Ne4 Nd3 50. Kc3 Ra3+ 51. Kd2 Kxh4 52. Nd6 Nc5 53. Rc7 b4 54. Nb5 Ra2+ 55. Kd1 Ne4 56. Rc4 b3 57. Rxe4+ Kg3 58. Re3+ Kg2 59. Rxb3 h4 60. Ra3 1-0

[Event "Niemann - Dubov m (Blitz)"]
[Site "Moscow RUS"]
[Date "2025.03.08"]
[Round "16.1"]
[White "Daniil Dubov"]
[Black "Hans Moke Niemann"]
[Result "1-0"]
[EventDate "2025.03.07"]
[WhiteElo "2701"]
[BlackElo "2734"]
[PlyCount "58"]

1. d4 Nf6 2. c4 e6 3. Nf3 d5 4. g3 Bb4+ 5. Nbd2 O-O 6. Bg2 b6 7. O-O Bb7 8. Ne5 a5 9. a3 Be7 10. b3 c5 11. dxc5 Bxc5 12. Bb2 Qe7 13. cxd5 exd5 14. Nd3 Nbd7 15. Nf3 Rfe8 16. e3 Ba6 17. Re1 Rac8 18. Nd4 g6 19. Nf4 Ne5 20. b4 Bd6 21. Bxd5 Red8 22. b5 Bb7 23. Bxb7 Qxb7 24. Nc6 Rd7 25. Nd5 Nxd5 26. Qxd5 Bb8 27. Qe4 Nxc6 28. bxc6 Qxc6 29. Rac1 1-0

[Event "Niemann - Dubov m (Blitz)"]
[Site "Moscow RUS"]
[Date "2025.03.08"]
[Round "17.1"]
[White "Hans Moke Niemann"]
[Black "Daniil Dubov"]
[Result "1-0"]
[EventDate "2025.03.07"]
[WhiteElo "2734"]
[BlackElo "2701"]
[PlyCount "72"]

1. e4 c5 2. Nf3 d6 3. d4 cxd4 4. Nxd4 Nf6 5. Nc3 Nc6 6. Bg5 g6 7. Nb3 Bg7 8. Be2 O-O 9. Qd2 Be6 10. Bh6 d5 11. Bxg7 Kxg7 12. exd5 Bxd5 13. Nxd5 Qxd5 14. Qxd5 Nxd5 15. O-O-O Rfd8 16. Bf3 e6 17. Bxd5 Rxd5 18. Rxd5 exd5 19. Rd1 Rd8 20. Nc5 b6 21. Nd3 Kf6 22. Nf4 d4 23. Kd2 Ne5 24. b3 Ng4 25. Nd3 h5 26. Re1 Nh6 27. h3 h4 28. a4 Nf5 29. Re4 g5 30. Ne5 Rd6 31. Nf3 d3 32. cxd3 Ne7 33. Nxg5 Nc6 34. Nf3 Na5 35. b4 Nb3+ 36. Kc2 1-0

[Event "Niemann - Dubov m (Blitz)"]
[Site "Moscow RUS"]
[Date "2025.03.08"]
[Round "18.1"]
[White "Daniil Dubov"]
[Black "Hans Moke Niemann"]
[Result "1-0"]
[EventDate "2025.03.07"]
[WhiteElo "2701"]
[BlackElo "2734"]
[PlyCount "136"]

1. d4 Nf6 2. Nf3 d5 3. c4 e6 4. g3 Be7 5. Bg2 O-O 6. O-O dxc4 7. Qa4 a6 8. Qxc4 b5 9. Qc2 Bb7 10. Bd2 Be4 11. Qc1 c6 12. e3 Nbd7 13. Nc3 Bxf3 14. Bxf3 Rc8 15. Ne2 c5 16. Qe1 Qb6 17. Ba5 Qb8 18. dxc5 Bxc5 19. Bg2 Ne5 20. Bc3 b4 21. Bd4 a5 22. Qd1 Rfd8 23. Qb3 Bxd4 24. Nxd4 Nfd7 25. Rfc1 Qb6 26. Qd1 Nf6 27. Qe2 g6 28. h3 a4 29. f4 Rxc1+ 30. Rxc1 Ned7 31. Rc6 Qb8 32. Rc4 Qd6 33. Nc6 Re8 34. Rd4 Qf8 35. Rxb4 e5 36. Qc4 Qd6 37. Kh2 h5 38. Rb7 exf4 39. Qxf4 Qc5 40. Qd4 Rxe3 41. Qxc5 Nxc5 42. Re7 Rxe7 43. Nxe7+ Kf8 44. Nc6 Nd3 45. b3 a3 46. Bf1 Nc1 47. Nb4 Ne4 48. Nc2 Nd2 49. Bc4 Nb1 50. b4 Nd2 51. Nxa3 Nxc4 52. Nxc4 Nxa2 53. b5 Ke7 54. b6 Nb4 55. b7 Nc6 56. h4 Ke6 57. Kg2 Kd5 58. Na5 Nb8 59. Kf3 Kc5 60. Ke4 f6 61. Nb3+ Kc6 62. Nd4+ Kxb7 63. Kd5 g5 64. g4 hxg4 65. h5 Nd7 66. Ke6 Ne5 67. Kxf6 Nf3 68. Ne2 g3 1-0

[Event "Niemann - Dubov m (Blitz)"]
[Site "Moscow RUS"]
[Date "2025.03.07"]
[Round "1.1"]
[White "Hans Moke Niemann"]
[Black "Daniil Dubov"]
[Result "0-1"]
[EventDate "2025.03.07"]
[WhiteElo "2734"]
[BlackElo "2701"]
[PlyCount "52"]

1. e4 c5 2. Nf3 d6 3. Bb5+ Bd7 4. Bxd7+ Qxd7 5. c4 e5 6. Nc3 Nc6 7. d3 Be7 8. a3 Bd8 9. Rb1 Nge7 10. b4 O-O 11. O-O b6 12. Nd5 f5 13. Be3 h6 14. Qa4 Qe8 15. bxc5 dxc5 16. Kh1 f4 17. Bd2 g5 18. Bc3 Ng6 19. Ng1 Qe6 20. f3 Rb8 21. Qa6 h5 22. a4 Rf7 23. a5 g4 24. Rb2 Rg7 25. Be1 Kh7 26. axb6 axb6 0-1

[Event "Niemann - Dubov m (Blitz)"]
[Site "Moscow RUS"]
[Date "2025.03.07"]
[Round "2.1"]
[White "Daniil Dubov"]
[Black "Hans Moke Niemann"]
[Result "1/2-1/2"]
[EventDate "2025.03.07"]
[WhiteElo "2701"]
[BlackElo "2734"]
[PlyCount "118"]

1. c4 e5 2. Nc3 Nf6 3. Nf3 Nc6 4. e3 Bb4 5. Qc2 Bxc3 6. Qxc3 Qe7 7. Be2 d5 8. b4 e4 9. Nd4 Nxd4 10. Qxd4 O-O 11. c5 c6 12. Bb2 Ne8 13. f3 Bf5 14. h4 f6 15. g4 exf3 16. gxf5 fxe2 17. Kxe2 Nc7 18. Rag1 Rf7 19. h5 h6 20. Rg6 Qe4 21. Qxe4 dxe4 22. Rg4 a5 23. a3 axb4 24. axb4 Ra2 25. Bd4 Nd5 26. Rxe4 Nxb4 27. Rb1 Nd5 28. Re8+ Kh7 29. Rb8 Ra7 30. e4 Nf4+ 31. Kf3 Nxh5 32. Be3 Ra3 33. R1xb7 Ra7 34. Rxa7 Rxa7 35. Rb6 Rc7 36. d4 g6 37. d5 gxf5 38. d6 Ra7 39. Rxc6 Kg6 40. Rc8 fxe4+ 41. Kxe4 f5+ 42. Ke5 Nf6 43. Ke6 Ra4 44. Ke7 Re4+ 45. Kd8 Rxe3 46. c6 Rd3 47. d7 f4 48. Kc7 Nxd7 49. cxd7 Kg5 50. Rf8 h5 51. d8=Q+ Rxd8 52. Kxd8 h4 53. Ke7 h3 54. Ke6 Kg4 55. Ke5 h2 56. Rxf4+ Kg3 57. Rf1 Kg2 58. Rd1 h1=Q 59. Rxh1 1/2-1/2

[Event "Niemann - Dubov m (Blitz)"]
[Site "Moscow RUS"]
[Date "2025.03.07"]
[Round "3.1"]
[White "Hans Moke Niemann"]
[Black "Daniil Dubov"]
[Result "0-1"]
[EventDate "2025.03.07"]
[WhiteElo "2734"]
[BlackElo "2701"]
[PlyCount "138"]

1. e4 c5 2. Nf3 d6 3. d4 cxd4 4. Nxd4 Nf6 5. Nc3 g6 6. Be3 Nc6 7. f3 h5 8. Bc4 Bd7 9. Bb3 Bg7 10. Qd2 Na5 11. O-O-O Nxb3+ 12. cxb3 Qb8 13. Kb1 b5 14. Rhe1 b4 15. Nd5 Nxd5 16. exd5 Qb7 17. Bg5 O-O 18. Rxe7 Qxd5 19. Rxd7 Bxd4 20. Ka1 Qf5 21. Rxd6 Be5 22. Rd5 Rac8 23. g4 hxg4 24. fxg4 Qe6 25. Re1 f6 26. Bxf6 Rxf6 27. Rdxe5 Qxg4 28. Qd5+ Kg7 29. Re7+ Kh6 30. Qd2+ Qf4 31. R7e3 Rcf8 32. Qe2 R8f7 33. Re4 Qd6 34. Qe3+ Kg7 35. Rh4 Rf4 36. Rxf4 Qxf4 37. Qe2 Qd4 38. Rd1 Qf6 39. Qe4 a5 40. Qd5 Qf5 41. Qd4+ Qf6 42. Qc5 Qf5 43. Qc4 Qe5 44. h4 Rf2 45. Qc1 Qf4 46. Qc4 Qf6 47. Rb1 Kh6 48. Qc7 Rf5 49. Qb8 Rf1 50. Qg3 Rxb1+ 51. Kxb1 Qf1+ 52. Kc2 Qe2+ 53. Kc1 Qe4 54. Qg5+ Kh7 55. Qg3 Kh6 56. a3 Qc6+ 57. Kb1 Qe4+ 58. Ka2 bxa3 59. Kxa3 Qb4+ 60. Ka2 Kh7 61. Qc3 Qb6 62. Qe5 Qa7 63. Qe4 Qc5 64. Kb1 Kh6 65. Qg4 Qf5+ 66. Qxf5 gxf5 67. Ka2 f4 68. b4 axb4 69. Kb3 f3 0-1

[Event "Niemann - Dubov m (Blitz)"]
[Site "Moscow RUS"]
[Date "2025.03.07"]
[Round "4.1"]
[White "Daniil Dubov"]
[Black "Hans Moke Niemann"]
[Result "0-1"]
[EventDate "2025.03.07"]
[WhiteElo "2701"]
[BlackElo "2734"]
[PlyCount "62"]

1. c4 Nf6 2. Nc3 e5 3. Nf3 Nc6 4. e3 Be7 5. a3 O-O 6. Qc2 Re8 7. b4 Bf8 8. Bd3 Bxb4 9. Ng5 Bxc3 10. Bxh7+ Kf8 11. dxc3 Nxh7 12. Nxh7+ Kg8 13. h4 e4 14. Ng5 d6 15. f3 f6 16. Nxe4 Bf5 17. h5 Qe7 18. h6 Bxe4 19. fxe4 Qxe4 20. Qd2 Qxc4 21. Rb1 b6 22. hxg7 Kxg7 23. Qf2 Rh8 24. Rf1 Rh6 25. Qg3+ Rg6 26. Qh3 Ne5 27. Rh1 Kf7 28. Qf5 Rag8 29. Bd2 Rxg2 30. Rh7+ R8g7 31. Qh5+ Ke7 0-1

[Event "Niemann - Dubov m (Blitz)"]
[Site "Moscow RUS"]
[Date "2025.03.07"]
[Round "5.1"]
[White "Hans Moke Niemann"]
[Black "Daniil Dubov"]
[Result "1-0"]
[EventDate "2025.03.07"]
[WhiteElo "2734"]
[BlackElo "2701"]
[PlyCount "154"]

1. e4 c5 2. Nf3 d6 3. d4 cxd4 4. Qxd4 Nc6 5. Qe3 Nf6 6. Bc4 e6 7. O-O Be7 8. Nc3 O-O 9. Rd1 Qc7 10. Qe2 a6 11. a4 b6 12. Bf4 Ne5 13. Nxe5 dxe5 14. Be3 Bb7 15. f3 Rfc8 16. Bd3 Nd7 17. Qf2 Bc6 18. Kh1 Qb7 19. Bf1 b5 20. axb5 axb5 21. Rxa8 Rxa8 22. Qe2 b4 23. Nb5 h6 24. Nd6 Qc7 25. Nb5 Qb7 26. c4 bxc3 27. bxc3 Bc5 28. c4 Qb6 29. Bxc5 Qxc5 30. h3 Nf6 31. Kh2 g6 32. Qd2 Kg7 33. Qd6 Nd7 34. Qc7 Nf6 35. Nd6 Ra7 36. Qc8 Qb6 37. c5 Qc7 38. Qxc7 Rxc7 39. Ra1 Bd7 40. Ra5 Kf8 41. Kg3 Ke7 42. Kf2 Be8 43. Nxe8 Nxe8 44. c6 Rxc6 45. Rxe5 Rc2+ 46. Be2 Nf6 47. Ra5 Nh5 48. Ke3 Ng3 49. Ra7+ Kf8 50. Bb5 Rxg2 51. Ra8+ Ke7 52. Ra7+ Kf8 53. Ra8+ Kg7 54. Ra7 g5 55. Be8 Nf1+ 56. Kd4 Kf8 57. Bxf7 Nd2 58. Bh5 Nb3+ 59. Ke5 Rc2 60. Kf6 Rc8 61. Rf7+ Kg8 62. Rg7+ Kh8 63. Bg6 Rf8+ 64. Rf7 Rxf7+ 65. Bxf7 Nd4 66. Bh5 Kg8 67. e5 Kf8 68. Bg4 Ne2 69. Bxe6 Nf4 70. Bg4 Kg8 71. e6 Nd5+ 72. Kg6 Kf8 73. Kxh6 Ke7 74. Kxg5 Nf6 75. h4 Nh7+ 76. Kg6 Nf6 77. h5 Ke8 1-0

[Event "Niemann - Dubov m (Blitz)"]
[Site "Moscow RUS"]
[Date "2025.03.07"]
[Round "6.1"]
[White "Daniil Dubov"]
[Black "Hans Moke Niemann"]
[Result "1-0"]
[EventDate "2025.03.07"]
[WhiteElo "2701"]
[BlackElo "2734"]
[PlyCount "76"]

1. c4 e5 2. Nc3 Be7 3. e3 f5 4. d4 d6 5. Bd3 Nf6 6. Nge2 O-O 7. b3 c6 8. f3 Be6 9. Bb2 Nbd7 10. Qc2 g6 11. h4 Qa5 12. a3 Rae8 13. O-O-O b5 14. g4 bxc4 15. bxc4 e4 16. fxe4 Nxg4 17. d5 Nc5 18. Nd4 Nxe3 19. Qe2 Bf6 20. e5 Bxe5 21. Nxc6 Qb6 22. Nxe5 Nxd1 23. Qxd1 dxe5 24. dxe6 Nxd3+ 25. Qxd3 Qxe6 26. Nd5 f4 27. h5 Qf5 28. Qb3 g5 29. c5 Kh8 30. Re1 f3 31. Ne3 f2 32. Rf1 Qe4 33. Qc3 Rf3 34. Kd2 Rb8 35. Ba1 Rf4 36. Qxe5+ Qxe5 37. Bxe5+ Kg8 38. Bxb8 1-0

[Event "Niemann - Dubov m (Blitz)"]
[Site "Moscow RUS"]
[Date "2025.03.07"]
[Round "7.1"]
[White "Hans Moke Niemann"]
[Black "Daniil Dubov"]
[Result "0-1"]
[EventDate "2025.03.07"]
[WhiteElo "2734"]
[BlackElo "2701"]
[PlyCount "70"]

1. e4 e5 2. Nf3 Nc6 3. Bc4 Nf6 4. d3 Be7 5. O-O O-O 6. Re1 d6 7. a4 Be6 8. Nbd2 a5 9. b3 h6 10. h3 Nh7 11. c3 Ng5 12. Ra2 Qd7 13. Bxe6 fxe6 14. Nh2 Rf7 15. Ndf1 Raf8 16. Bxg5 Bxg5 17. g3 d5 18. h4 Be7 19. Ng4 Bc5 20. Kg2 Kh7 21. Nfh2 Qd6 22. Qb1 d4 23. cxd4 Bxd4 24. Qd1 Nb4 25. Rae2 Qa6 26. Rd2 Bc3 27. Ree2 Bxd2 28. Rxd2 Qd6 29. Nf1 Rd8 30. Nfe3 Nxd3 31. Nc4 Qd4 32. f3 Rfd7 33. Kh3 Qc3 34. Qc2 Nf4+ 35. gxf4 Qxf3+ 0-1

[Event "Niemann - Dubov m (Blitz)"]
[Site "Moscow RUS"]
[Date "2025.03.07"]
[Round "8.1"]
[White "Daniil Dubov"]
[Black "Hans Moke Niemann"]
[Result "1-0"]
[EventDate "2025.03.07"]
[WhiteElo "2701"]
[BlackElo "2734"]
[PlyCount "104"]

1. d4 Nf6 2. Nf3 e6 3. c4 b6 4. g3 Bb7 5. Bg2 Be7 6. Nc3 Ne4 7. Bd2 Nxc3 8. Bxc3 Be4 9. O-O O-O 10. d5 Bf6 11. Bxf6 Qxf6 12. Qd4 Qxd4 13. Nxd4 Bxg2 14. Kxg2 a5 15. Rfd1 Na6 16. Rac1 Rfe8 17. e3 e5 18. Nb5 d6 19. e4 Re7 20. Nc3 Nc5 21. Rd2 g6 22. Re1 f5 23. exf5 gxf5 24. f4 Kg7 25. fxe5 Rxe5 26. Rf1 Rae8 27. Nb5 R8e7 28. Nd4 Kg6 29. Rdf2 Rf7 30. Nf3 Re4 31. Nh4+ Rxh4 32. gxh4 Nd3 33. Rf3 Nxb2 34. Rg3+ Kf6 35. Re1 Rf8 36. Re6+ Kf7 37. Rg5 Nxc4 38. Rxf5+ Kg8 39. Rg5+ Kf7 40. Rh6 Rh8 41. Rf5+ Ke8 42. Re6+ Kd8 43. Rf7 Ne5 44. Rg7 Nd3 45. Rh6 Nf4+ 46. Kg3 Nxd5 47. Rhxh7 Re8 48. h5 b5 49. h6 Nf6 50. Rxc7 Nxh7 51. Rxh7 Re6 52. Rh8+ 1-0